[Event "Rheinland Pfalz op 7th"]
[Site "Frankenthal"]
[Date "2015.06.07"]
[Round "7"]
[White "Mueller, Manon"]
[Black "Wladimir, Markus"]
[Result "1-0"]
[WhiteElo "1793"]
[BlackElo "1643"]
[PlyCount "51"]
[EventDate "2015.06.04"]
[EventType "swiss"]
[EventRounds "7"]
[EventCountry "GER"]
[SourceTitle "EXT 2017"]
[Source "ChessBase"]
[SourceDate "2016.10.25"]
[SourceVersion "1"]
[SourceVersionDate "2016.10.25"]
[SourceQuality "1"]

1. d4 g6 2. c4 Bg7 3. Nc3 d6 4. Nf3 Nd7 5. g3 e6 6. Bg2 Ne7 7. 0-0 0-0 8. Qc2 a6 9. e4 Rb8 10. Be3 f5 11. Rfe1 e5 12. dxe5 Nxe5 13. Nxe5 Bxe5 14. Bh6 Bg7 15. Bg5 Bf6 16. Bxf6 Rxf6 17. e5 Rf8 18. Rad1 f4 19. Nd5 fxg3 20. hxg3 Nf5 21. exd6 cxd6 22. Nf4 Qb6 23. Qc3 Bd7 24. Bd5+ Rf7 25. Bxf7+ Kxf7 26. Nd5 1-0

[Event "Rheinland Pfalz op 7th"]
[Site "Frankenthal"]
[Date "2015.06.06"]
[Round "5"]
[White "Heck, Nils"]
[Black "Wladimir, Markus"]
[Result "1-0"]
[WhiteElo "1902"]
[BlackElo "1643"]
[PlyCount "39"]
[EventDate "2015.06.04"]
[EventType "swiss"]
[EventRounds "7"]
[EventCountry "GER"]
[SourceTitle "EXT 2017"]
[Source "ChessBase"]
[SourceDate "2016.10.25"]
[SourceVersion "1"]
[SourceVersionDate "2016.10.25"]
[SourceQuality "1"]

1. d4 g6 2. e4 Bg7 3. Nc3 d6 4. f4 e6 5. Nf3 Ne7 6. Bd3 a6 7. 0-0 Nd7 8. f5 e5 9. dxe5 dxe5 10. Be3 gxf5 11. exf5 Bf6 12. Ng5 Bxg5 13. Bxg5 Nb6 14. Ne4 Qd4+ 15. Kh1 Ng8 16. c3 Qd5 17. Bf6 Bd7 18. Bxh8 0-0-0 19. Qf3 Qc6 20. Bxe5 1-0

[Event "Rheinland Pfalz op 7th"]
[Site "Frankenthal"]
[Date "2015.06.06"]
[Round "4"]
[White "Wladimir, Markus"]
[Black "Roelle, Philipp"]
[Result "0-1"]
[WhiteElo "1643"]
[BlackElo "1969"]
[PlyCount "96"]
[EventDate "2015.06.04"]
[EventType "swiss"]
[EventRounds "7"]
[EventCountry "GER"]
[SourceTitle "EXT 2017"]
[Source "ChessBase"]
[SourceDate "2016.10.25"]
[SourceVersion "1"]
[SourceVersionDate "2016.10.25"]
[SourceQuality "1"]

1. d4 e6 2. Bf4 Nf6 3. e3 b6 4. Nd2 Bb7 5. Ngf3 c5 6. c3 Be7 7. h3 0-0 8. Bd3 cxd4 9. exd4 d6 10. Qc2 Nbd7 11. Ne4 Qc7 12. Nxf6+ Nxf6 13. Ng5 h6 14. Nh7 Rfe8 15. Nxf6+ Bxf6 16. 0-0 e5 17. dxe5 dxe5 18. Bg3 Qc6 19. f3 Rad8 20. Be4 Qc5+ 21. Bf2 Qe7 22. Rad1 Bxe4 23. Qxe4 g6 24. Rd5 Rxd5 25. Qxd5 Rd8 26. Qb3 Qd7 27. Be3 Bg7 28. Re1 Qd3 29. Kf2 Rd7 30. Re2 Qf5 31. g4 Qf6 32. Rd2 Rxd2+ 33. Bxd2 e4 34. Qd1 Bf8 35. Qe2 Bc5+ 36. Be3 exf3 37. Qxf3 Bxe3+ 38. Kxe3 Qe6+ 39. Qe4 Qxa2 40. Qe8+ Kg7 41. Qe5+ Kh7 42. Qe7 Qe6+ 43. Qxe6 fxe6 44. c4 Kg7 45. Ke4 Kf6 46. h4 a5 47. b3 e5 48. Kd5 h5 0-1

[Event "SVR op"]
[Site "Nickenich"]
[Date "2015.04.04"]
[Round "7"]
[White "Wladimir, Markus"]
[Black "Gruschinski, Rainer"]
[Result "0-1"]
[WhiteElo "1671"]
[BlackElo "1886"]
[PlyCount "80"]
[EventDate "2015.03.28"]
[EventType "swiss"]
[EventRounds "7"]
[EventCountry "GER"]
[SourceTitle "EXT 2016"]
[Source "ChessBase"]
[SourceDate "2015.10.08"]
[SourceVersion "1"]
[SourceVersionDate "2015.10.08"]
[SourceQuality "1"]

1. d4 d5 2. Bf4 Nf6 3. e3 e6 4. Nf3 Be7 5. Bd3 0-0 6. Nbd2 c5 7. c3 Nc6 8. Ne5 Nd7 9. g4 Ndxe5 10. dxe5 f6 11. g5 f5 12. h4 d4 13. Qe2 dxc3 14. bxc3 Qa5 15. Rc1 Qxa2 16. Bc4 Qa5 17. Nb3 Qc7 18. g6 hxg6 19. Rg1 Nxe5 20. Rxg6 Bf6 21. Qh5 Qf7 22. Bxe5 Bxe5 23. Nxc5 Bf6 24. Ke2 b6 25. Nd3 Bb7 26. Rcg1 Bd5 27. Bxd5 exd5 28. Nf4 d4 29. Qxf5 Qc4+ 30. Kf3 Qc6+ 31. Qd5+ Qxd5+ 32. Nxd5 Bxh4+ 33. Kg4 Bxf2 34. Rg2 dxe3 35. Ne7+ Kf7 36. Kf5 Kxe7+ 37. Ke5 e2 38. Re6+ Kd7 39. Rd6+ Kc8 40. Rc6+ Kb7 0-1